<?xml version="1.0" encoding="UTF-8"?>
<record
    xmlns:xsi="http://www.w3.org/2001/XMLSchema-instance"
    xsi:schemaLocation="http://www.loc.gov/MARC21/slim http://www.loc.gov/standards/marcxml/schema/MARC21slim.xsd"
    xmlns="http://www.loc.gov/MARC21/slim">

  <leader>01212cam a22003134a 4500</leader>
  <controlfield tag="001">12933799</controlfield>
  <controlfield tag="005">20130130142400.0</controlfield>
  <controlfield tag="008">020917s2003    dcua     b    000 0 eng  </controlfield>
  <datafield tag="010" ind1=" " ind2=" ">
    <subfield code="a">  2002035837</subfield>
  </datafield>
  <datafield tag="020" ind1=" " ind2=" ">
    <subfield code="a">0821353624 (pbk.)</subfield>
  </datafield>
  <datafield tag="082" ind1="0" ind2="0">
    <subfield code="a">362.1</subfield>
    <subfield code="2">22</subfield>
    <subfield code="b">INV</subfield>
  </datafield>
  <datafield tag="245" ind1="0" ind2="0">
    <subfield code="a">Investing in Maternal Health :</subfield>
    <subfield code="b">Learning from Malaysia and Sri Lanka /</subfield>
    <subfield code="c">edited by Indra Pathmanathan, Jerker Liljestrand.</subfield>
  </datafield>
  <datafield tag="260" ind1=" " ind2=" ">
    <subfield code="a">Washington, D.C. :</subfield>
    <subfield code="b">World Bank,</subfield>
    <subfield code="c">c2003.</subfield>
  </datafield>
  <datafield tag="300" ind1=" " ind2=" ">
    <subfield code="a">xx, 182 p. :</subfield>
    <subfield code="b">ill. ;</subfield>
    <subfield code="c">23 cm.</subfield>
  </datafield>
  <datafield tag="440" ind1=" " ind2="0">
    <subfield code="a">Health, nutrition, and population series</subfield>
    <subfield code="9">32174</subfield>
  </datafield>
  <datafield tag="504" ind1=" " ind2=" ">
    <subfield code="a">Includes bibliographical references (p. 171-182).</subfield>
  </datafield>
  <datafield tag="650" ind1=" " ind2="0">
    <subfield code="a">Maternal health services</subfield>
    <subfield code="z">Malaysia.</subfield>
    <subfield code="9">32175</subfield>
  </datafield>
  <datafield tag="650" ind1=" " ind2="0">
    <subfield code="a">Maternal health services</subfield>
    <subfield code="z">Sri Lanka.</subfield>
    <subfield code="9">32176</subfield>
  </datafield>
  <datafield tag="650" ind1=" " ind2="0">
    <subfield code="a">Child health services</subfield>
    <subfield code="z">Malaysia.</subfield>
    <subfield code="9">32177</subfield>
  </datafield>
  <datafield tag="650" ind1=" " ind2="0">
    <subfield code="a">Child health services</subfield>
    <subfield code="z">Sri Lanka.</subfield>
    <subfield code="9">32178</subfield>
  </datafield>
  <datafield tag="650" ind1=" " ind2="0">
    <subfield code="a">Women</subfield>
    <subfield code="x">Services for</subfield>
    <subfield code="z">Malaysia.</subfield>
    <subfield code="9">32179</subfield>
  </datafield>
  <datafield tag="650" ind1=" " ind2="0">
    <subfield code="a">Women</subfield>
    <subfield code="x">Services for</subfield>
    <subfield code="z">Sri Lanka.</subfield>
    <subfield code="9">32180</subfield>
  </datafield>
  <datafield tag="650" ind1=" " ind2="0">
    <subfield code="a">Medical economics</subfield>
    <subfield code="z">Malaysia.</subfield>
    <subfield code="9">32181</subfield>
  </datafield>
  <datafield tag="650" ind1=" " ind2="0">
    <subfield code="a">Medical economics</subfield>
    <subfield code="z">Sri Lanka.</subfield>
    <subfield code="9">32182</subfield>
  </datafield>
  <datafield tag="653" ind1=" " ind2=" ">
    <subfield code="b">Eco</subfield>
    <subfield code="c">January2013</subfield>
  </datafield>
  <datafield tag="700" ind1="1" ind2=" ">
    <subfield code="a">Pathmanathan, Indra.</subfield>
    <subfield code="9">32183</subfield>
  </datafield>
  <datafield tag="700" ind1="1" ind2=" ">
    <subfield code="a">Liljestrand, Jerker.</subfield>
    <subfield code="9">32184</subfield>
  </datafield>
  <datafield tag="942" ind1=" " ind2=" ">
    <subfield code="2">ddc</subfield>
    <subfield code="c">BB</subfield>
  </datafield>
  <datafield tag="999" ind1=" " ind2=" ">
    <subfield code="c">17180</subfield>
    <subfield code="d">17152</subfield>
  </datafield>
  <datafield tag="952" ind1=" " ind2=" ">
    <subfield code="0">0</subfield>
    <subfield code="1">0</subfield>
    <subfield code="2">ddc</subfield>
    <subfield code="4">0</subfield>
    <subfield code="7">0</subfield>
    <subfield code="8">M-E-O</subfield>
    <subfield code="a">MAIN</subfield>
    <subfield code="b">MAIN</subfield>
    <subfield code="c">1ST</subfield>
    <subfield code="d">2013-01-30</subfield>
    <subfield code="e">purchase</subfield>
    <subfield code="g">110.00</subfield>
    <subfield code="h">001339</subfield>
    <subfield code="l">1</subfield>
    <subfield code="o">362.1 INV</subfield>
    <subfield code="p">000027942</subfield>
    <subfield code="r">2025-07-15 00:00:00</subfield>
    <subfield code="s">2020-01-06</subfield>
    <subfield code="y">BB</subfield>
  </datafield>
</record>
